00758 2200229 4500001002100000005001700021008004100038035002500079040001200104082001400116090001900130100001800149245010300167260004600270300004000316500006800356504002800424650002700452700001900479850001200498990001800510INLIS00000000000863920150807093818.0  a0010-081500000000077 aYOPDYOG 223a627.4 aSK 627.4 Nov P aNOVA Veronica aPengaruh variabilitas hidrograf satuan terhadap ketelitian debit banjir rancanganc/ Nova Veronica aYogyakartabUniversitas Gadjah Madac2006 axvii, 73 lembarb: ilusc; 29,5 cm. aSkripsi Sekolah Pascasarjana Universitan Gadjah Mada Yogyakarta aBibliografi: hlm. 72-73 aBanjir, penanggulangan aRACHMAD Jayadi aYOPDYOG a47051-PD/A.15